Adobe Flash CS3 (Registro nro. 22965)

Detalles MARC
000 -CABECERA
Longitud fija campo de control 00712cam a22002297a 4500
001 - NÚMERO DE CONTROL
Número de control 15131250
003 - IDENTIFICADOR DELl NÚMERO DE CONTROL
Identificador del número de control OSt
005 - FECHA Y HORA DE LA ÚLTIMA TRANSACCIÓN
Fecha y hora de la última transacción 20180321083603.0
008 - CÓDIGOS DE INFORMACIÓN DE LONGITUD FIJA
Códigos de información de longitud fija 080108s2009 caua 001 0 eng
010 ## - NÚMERO DE CONTROL DE LA BIBLIOTECA DEL CONGRESO
Número de control de LC 2008270734
020 ## - NÚMERO INTERNACIONAL NORMALIZADO PARA LIBROS
Número Internacional Normalizado para Libros (ISBN) 978-970-15-1317-0
040 ## - FUENTE DE LA CATALOGACIÓN
Centro transcriptor BCRI
Centro catalogador de origen BCRI
082 00 - NÚMERO DE LA CLASIFICACIÓN DECIMAL DEWEY
Númeroo de clasificación 006.66
100 ## - PUNTO DE ACCESO PRINCIPAL-NOMBRE DE PERSONA
9 (RLIN) 36805
Nombre de persona Georgenes, Chris‏
245 00 - MENCIÓN DE TÍTULO
Título Adobe Flash CS3
Resto del título : El arte del diseño y la animación
Mención de responsabilidad, etc. Chris Georgenes
260 ## - PUBLICACIÓN, DISTRIBUCIÓN, ETC. (PIE DE IMPRENTA)
Lugar de publicación, distribución, etc. México, D.F.
Nombre del editor, distribuidor, etc. Alfaomega
Fecha de publicación, distribución, etc. 2007
300 ## - DESCRIPCIÓN FÍSICA
Extensión 272 p.
Otras características físicas il.
Dimensiones 23 cm.
490 ## - MENCIÓN DE SERIE
Mención de serie Maracombo
594 ## - NOTA AL TÍTULO Y MENCIÓN DE RESPONSABIBLIDAD
Nota Al Título Y Mención De Responsabilidad En la cub.: Cubre Adobe Flash CS3 Professional para Windows y Macintosh
630 04 - PUNTO DE ACCESO ADICIONAL DE MATERIA - TÍTULO UNIFORME
9 (RLIN) 3587
Título uniforme Flash (Programa de computadora)
942 ## - ENTRADA DE ELEMENTOS AGREGADOS (KOHA)
Fuente de clasificaión o esquema Dewey Decimal Classification
Koha [por defecto] tipo de item 1- Monografias
Parte de clasificación prozim
Existencias
Suprimido Perdido Fuente de clasificación o esquema Estropeado Restricciones de uso No para préstamo Código de colección Localización permanente Localización actual Localización en estanter&íacute;as Fecha adquisición Fuente de adquisición Número de inventario Préstamos totales Signatura completa Código de barras Fecha última consulta Fecha del precio de reemplazo Tipo de item de Koha
NULL NULL Dewey Decimal Classification NULL Prestable NULL NULL Biblioteca Centro Regional de Ilobasco Biblioteca Centro Regional de Ilobasco Sala Principal 15/10/2015 UNICAES LI001237   006.66 GEO ado 1034485 15/10/2015 15/10/2015 1- Monografias
NULL NULL Dewey Decimal Classification NULL Prestable NULL NULL Biblioteca Centro Regional de Ilobasco Biblioteca Centro Regional de Ilobasco Sala Principal 15/10/2015 UNICAES LI001238   006.66 GEO ado 1034486 15/10/2015 15/10/2015 1- Monografias
NULL NULL Dewey Decimal Classification NULL Prestable NULL NULL Biblioteca Centro Regional de Ilobasco Biblioteca Centro Regional de Ilobasco Sala Principal 15/10/2015 UNICAES LI001239   006.66 GEO ado 1034487 15/10/2015 15/10/2015 1- Monografias